| LEADER | 01052nam a2200289 a 4500 | ||
|---|---|---|---|
| 001 | GR-Patra7917 | ||
| 008 | 991022s gr b 000 b eng d | ||
| 020 | |a 0226102467 | ||
| 040 | |a GrPaTEI |b gre |c GR-PaULI | ||
| 245 | 0 | 0 | |a How monkeys see the world : |b Inside the mind of another species. |
| 260 | |a Chicago : |b University of Chicago Press, |c c1990 | ||
| 300 | |a x,377σ. | ||
| 504 | |a Περιλαμβάνει βιβλιογραφικές παραπομπές | ||
| 650 | 0 | |a MAMMALS | |
| 650 | 0 | |a MONKEYS | |
| 650 | 4 | |a ΖΩΑ | |
| 650 | 4 | |a ΖΩΟΛΟΓΙΑ | |
| 650 | 4 | |a ΘΗΛΑΣΤΙΚΑ | |
| 650 | 4 | |a ΠΙΘΗΚΟΙ | |
| 650 | 4 | |a ΠΙΘΗΚΟΙ | |
| 700 | 1 | |a Cheney, Dorothy L. | |
| 700 | 1 | |a Seyfarth, Robert M. | |
| 710 | 0 | |a хThe иUniversity of Chicago Press | |
| 942 | |2 ddc | ||
| 952 | |0 0 |1 0 |2 ddc |4 0 |6 599_820000000000000_CHE |7 0 |9 288986 |a LISK |b LISK |c BSC |d 2021-01-17 |e 24 |f 0 |g 0.00 |l 0 |o 599.82 CHE |p 92410011273 |r 2021-01-17 00:00:00 |t 1 |w 2021-01-17 |y BK15 |x 19991024 0 1 |x GrPaTEI | ||
| 971 | |a .b2655432x |b 15-04-20 |c 23-09-16 | ||
| 999 | |c 168627 |d 168627 | ||